00750cam a22002417a 4500003000500000005001700005008004100022010001000063011001000073020001500083035001000098040000900108082001600117100002200133245011400155260004300269300002000312490005500332650001700387650002400404700002500428830005500453CHAP20220329142343.0000914d1998 us a r 00110 eng d a82233 a83205 a0306458594 a93716 cCHAP04a574.82bM3800aMather, Jennie P.10aIntroduction to cell and tissue culture :btheory and techniquec/by Jennie P. Mather and Penelope E. Roberts aNew York, N.Y. :bPlenum Press,c1998. a241 p. :bilus. 0aIntroductory Cell and Molecular Biology Techniques14aCitología.14aCultivo de tejidos.0 aRoberts, Penelope E.00aIntroductory Cell and Molecular Biology Techniques